Olivia Rodrigo Songs in Alphabetical Order - Statistics

General Stats
  • This quiz has been taken 15 times
  • The average score is 23 of 28
Answer Stats
Album Song % Correct
GUTS all-american bitch
100%
GUTS ballad of a homeschooled girl
100%
SOUR 1 step forward, 3 steps back
92%
SOUR brutal
92%
SOUR deja vu
92%
SOUR jealousy, jealousy
92%
GUTS(spilled) obsessed
92%
SOUR drivers license
83%
SOUR enough for you
83%
GUTS get him back!
83%
SOUR good 4 u
83%
SOUR happier
83%
GUTS lacy
83%
GUTS logical
83%
GUTS love is embarrassing
83%
GUTS making the bed
83%
GUTS (spilled) scared of my guitar
83%
GUTS (spilled) so american
83%
GUTS (spilled) stranger
83%
GUTS the grudge
83%
GUTS bad idea right?
75%
SOUR favorite crime
75%
GUTS (spilled) girl i've always been
75%
GUTS pretty isn't pretty
75%
GUTS teenage dream
75%
SOUR traitor
75%
GUTS vampire
75%
SOUR hope ur ok
67%
No matching quizzes found
Score Distribution
Percent of People with Each Score
Percentile by Number Answered
Your Score History
You have not taken this quiz